03316nam a2200289Ia 450000500170000000800410001704000560005804100080011424500560012224600180017826000480019630000460024450021160029050801500240651100780255654600500263465000330268465000320271765000200274965000500276965000220281970000390284171000120288071000120289276500330290485600890293720140529100526.0130821s2005 xx gs spa  aCo-BoUCMbspacJose A. Gerena (modificó)d[Nuevo]00aspa14aLos edukadorescHans Weingartner, directorh[DVD]  4aThe edukators a[Lugar desconocido]bY3 Film; Coop 99c2005 a1 DVD, 127 minutosbimagen, sonido, color aSinopsis : Jule es una camarera que trabaja para pagar la deuda por haber chocado un lujoso auto de un millonario(Hardenberg), debido a los compromisos de la deuda no puede pagar la renta y debe mudarse con su novio Peter que a la vez comparte el apartamento con su amigo Jan. Daniel Brühl interpreta a Jan.Peter decide tomar vacaciones en Barcelona, por lo que deja a su novia con Jan quien revela a esta las actividades a que se dedican con Peter durante las noches, los jóvenes entran a las casas de personas millonarias desordenan las cosas y dejan mensajes como "Sus días de abundancia están contados" con lo que pretenden causar terror psicológico a los millonarios ya que no roban nada. Jule pide a Jan entrar a la casa de Hardenberg quien adeuda el dinero y que se encuentra de vacaciones. Tras realizar sus actividades Jule olvida su teléfono celular en la mansión por lo que se ven obligados a regresar. Ya adentro son vistos por Hardenberg quien regresa inesperadamente, por lo que deciden llamar a Peter quien también ha regresado de su viaje y entre los tres deciden tomar como rehén a Hardenberg conduciéndolo a una casa de campo de un pariente de Jule donde permanecen por varios días mientras resuelven qué deben hacer. Allí se genera una relación sentimental entre Jan y Jule que afecta la relación de amistad entre los tres, finalmente deciden regresar a Hardenberg a su hogar quien promete no denunciarlos, luego aparentemente no cumple su promesa y al poco tiempo acude con un operativo policial a la vivienda de los jóvenes, allí encuentran la casa vacía y en la pared una nota que dice "Manche Menschen öndern sich nie" (algunas personas nunca cambian). Peter, Jan y Jule ya han "escapado" a Barcelona después de haber solucionado sus diferencias y desde allí continúan con sus planes anticapitalistas, utilizando el yate y los recursos que financia Hardenberg, consumándose la idea anterior de Peter de volar las antenas de una isla de telecomunicaciones poco vigilada que provee la señal de televisión a gran parte de Europa Occidental. aCréditos : Dirección, Hans Weingartner; Guión: Katharina Held, Hans Weingartner; Música, Andreas Wodraschke; Fotografía, Daniela Knapp. aReparto : Julia Jentsch, Daniel Brühl, Stipe Erceg, Burghart Klaussner. aAudio en Alemán. Subtítulos en Español.04aAdolescentes en el cinevDVD 7aCriminales ocasionalesvDVD 7aEntretenimiento 7aPelículas cinematográficaszAlemaniavDVD 7aSociologíavDVD1 aWeingartner, Hansd1970-edirector2 aCoop 992 aY3 Film 4aDie fetten jahre sind vorbei04uhttp://www.youtube.com/watch?v=UyT8bEa4XYAzSiga este vínculo para ver el trailer.